முத்துக்குவியல், தரம் 4,5,6,7,8,9,10 & 11 : 3000 சொற்களும் அவற்றிற்கான பொருள்களும் /

Saved in:
Bibliographic Details
Main Author: பொன்மணிதாசன்
Format: Book
Language:English
Tamil
Published: கொழும்பு : லங்கா புத்தகசாலை ; 2023.
Subjects:
Tags: Add Tag
No Tags, Be the first to tag this record!

MARC

LEADER 00000nam a22000007a 4500
005 20260411105054.0
008 260411b |||||||| |||| 00| 0 eng d
020 |a 9786245787395 
041 |a tam 
082 |a 894.8111  |b பொன்ம 
100 |a  பொன்மணிதாசன்  |9 117238 
245 |a முத்துக்குவியல், தரம் 4,5,6,7,8,9,10 & 11 :  |b 3000 சொற்களும் அவற்றிற்கான பொருள்களும் / 
260 |a கொழும்பு :  |b  லங்கா புத்தகசாலை ;  |c 2023. 
300 |a vi + 104 பக்.  |c 24.4 Cm. 
650 |a Tamil Poetry (The final 1 signifies poetry or specific literary collections)  |9 117239 
942 |c BK 
999 |c 71282  |d 71282